Europa Domains - nur geoguessr länder - Statistiken

Allgemein
  • Dieses Quiz wurde 541 mal gespielt
  • Das Durchschnittsergebnis liegt bei 20 aus 44
Antwortstatistiken
Domain Land % Korrekt
.nl Niederlande
100%
.pl Polen
92%
.sk Slowakei
90%
.fi Finnland
86%
.lt Litauen
83%
.fr Frankreich
82%
.de Deutschland
80%
.ch Schweiz
75%
.uk Großbritannien
74%
.cz Tschechien
73%
.ro Rumänien
71%
.lu Luxemburg
70%
.dk Dänemark
63%
.no Norwegen
62%
.pt Portugal
56%
.es Spanien
55%
.at Österreich
54%
.bg Bulgarien
53%
.lv Lettland
53%
.gr Griechenland
52%
.se Schweden
49%
.it Italien
48%
.hu Ungarn
47%
.is Island
46%
.ru Russland
41%
.mk Nordmazedonien
39%
.ad Andorra
38%
.be Belgien
37%
.ua Ukraine
36%
.sm San Marino
28%
.al Albanien
27%
.mc Monaco
26%
.tr Türkei
26%
.hr Kroatien
24%
.li Liechtenstein
18%
.rs Serbien
14%
.si Slowenien
14%
.gi Gibraltar
13%
.mt Malta
13%
.me Montenegro
12%
.ie Irland
10%
.fo Färöer Inseln
6%
.je Jersey
4%
.im Isle of Man
3%
Keine übereinstimmenden Quizze gefunden
Verteilung der Resultate
Anzahl Personen mit jedem Resultat
Perzentil nach korrekt beantworteten Fragen
Ihre Resultats-Entwicklung
Sie haben dieses Quiz noch nicht gespielt